Combatiendo por la paz / (Registro nro. 63198)
[ vista simple ]
| 000 -LEADER | |
|---|---|
| fixed length control field | 00625nam a2200205 u 4500 |
| 001 - CONTROL NUMBER | |
| control field | 63198 |
| 005 - DATE AND TIME OF LATEST TRANSACTION | |
| control field | 20180714065526.0 |
| 008 - FIXED-LENGTH DATA ELEMENTS--GENERAL INFORMATION | |
| fixed length control field | 150709s1989 mx r 000 0 spa d |
| 020 ## - INTERNATIONAL STANDARD BOOK NUMBER | |
| International Standard Book Number | 968-23-1447-X |
| 082 ## - DEWEY DECIMAL CLASSIFICATION NUMBER | |
| Classification number | 341.1 |
| Item number | ORT |
| 100 1# - MAIN ENTRY--PERSONAL NAME | |
| Personal name | Ortega, Daniel, |
| Dates associated with a name | 1945- |
| 245 10 - TITLE STATEMENT | |
| Title | Combatiendo por la paz / |
| Statement of responsibility, etc. | Prólogo de Carlos Fuentes. |
| 250 ## - EDITION STATEMENT | |
| Edition statement | Primera edición |
| 264 ## - PRODUCTION, PUBLICATION, DISTRIBUTION, MANUFACTURE, AND COPYRIGHT NOTICE | |
| Place of production, publication, distribution, manufacture | México : |
| Name of producer, publisher, distributor, manufacturer | Siglo Veintiuno |
| Date of production, publication, distribution, manufacture, or copyright notice | 1988 |
| 300 ## - PHYSICAL DESCRIPTION | |
| Extent | Siglo veintiuno : |
| Other physical details | 281 páginas ; |
| Dimensions | 23 cm. |
| 336 ## - CONTENT TYPE | |
| Content type term | texto |
| Source | rdacontent |
| 337 ## - MEDIA TYPE | |
| Media type term | sin mediaición |
| Source | rdamedia |
| 338 ## - CARRIER TYPE | |
| Carrier type term | volumen |
| Source | rdacarrier |
| 490 1# - SERIES STATEMENT | |
| Series statement | historia media |
| Withdrawn status | Lost status | Source of classification or shelving scheme | Damaged status | Not for loan | Collection code | Home library | Current library | Shelving location | Date acquired | Source of acquisition | Total Checkouts | Full call number | Barcode | Date last seen | Price effective from | Koha item type |
|---|---|---|---|---|---|---|---|---|---|---|---|---|---|---|---|---|
| Dewey Decimal Classification | General | Tehuacán | Tehuacán | Sala general | 09/07/2015 | Compra | 341.1 ORT 1989 ORT | 509841 | 16/04/2024 | 09/07/2015 | Libro |